Statistics for Lakes: guess the country

Click here to take the quiz!

General Stats

  • This quiz has been taken 17 times
  • The average score is 6 of 20

Answer Stats

LakeCountry% Correct
OulujärviFinland
93%
OnegaRussia
64%
InawashiroJapan
57%
Salinas de AmbargastaArgentina
43%
MackayAustralia
43%
AthabascaCanada
43%
BrienzerseeSwitzerland
43%
BledSlovenia
36%
Buško BlatoBosnia and Herzegovina
29%
HulunChina
29%
Lago da KilundaAngola
21%
TobaIndonesia
21%
Lacul Stânca CosteștiMoldova
21%
GarabogazkölTurkmenistan
14%
Tonlé SapCambodia
7%
Lago de ChapalaMexico
7%
Etosha PanNamibia
7%
KaptaiBangladesh
0%
PlateliaiLithuania
0%
AydarUzbekistan
0%

Score Distribution

Percentile by Number Answered

Percent of People with Each Score

Your Score History

You have not taken this quiz